000 00933nam a2200229Ia 4500
008 0000002011 usad 0000000000eng00
020 _a9780897974219
090 _aPUS00 D27v3
100 1 _aDesiderio, Vincent
_d1955
245 1 0 _aVincent Desiderio
_b: recent paintings
_c/ photohraphy Bill Orcutt, Jean Vong
300 _a48 p.
_c/ 30 cm.
500 _aExposición realizada en Marlborough Chelsea de Nueva York entre septiembre 15 y octubre 15 de 2011 \ Incluye datos biográficos y cronología artística \ Texto en inglés
600 0 0 _a DESIDERIO, VINCENT, 1955/
_xTRABAJOS PICTORICOS
650 1 4 _a PINTURA ESTADOUNIDENSE
650 1 4 _aARTE CONTEMPORANEO ESTADOUNIDENSE
650 1 4 _xCATALOGOS
650 1 4 _xEXPOSICIONES
650 1 4 _aFIGURA HUMANA EN EL ARTE
650 1 4 _aPINTORES ESTADOUNIDENSES
650 1 4 _aPINTURA MODERNA ESTADOUNIDENSE
999 _c14064
_d14064
260 _aNew York : Marlborough Chelsea
_c2011